Methods and Approaches in Risk Management - an Overview of Possibilities of Their Categorization
V dôsledku neustálych zmien v podnikateľskom prostredí sú spoločnosti konfrontované s veľkým počtom rizík. Požiadavky na vytvorenie rámca systematického riadenia rizík sú preto novo zahrnuté do revidovanej normy ISO 9001: 2016. Za týchto podmienok by spoločnosti mali venovať dostatočnú pozornosť met...
Na minha lista:
| Autor principal: | |
|---|---|
| Formato: | Capítulo de Livro |
| Idioma: | inglês |
| Assuntos: | |
| Tags: |
Sem tags, seja o primeiro a adicionar uma tag!
|
MARC
| LEADER | 00000naa a2200000 4500 | ||
|---|---|---|---|
| 001 | 0242059 | ||
| 005 | 20241024125221.3 | ||
| 041 | 0 | |a eng | |
| 044 | |a CZ | ||
| 245 | 1 | 0 | |a Methods and Approaches in Risk Management - an Overview of Possibilities of Their Categorization |c Martina Žwaková |
| 520 | |a V dôsledku neustálych zmien v podnikateľskom prostredí sú spoločnosti konfrontované s veľkým počtom rizík. Požiadavky na vytvorenie rámca systematického riadenia rizík sú preto novo zahrnuté do revidovanej normy ISO 9001: 2016. Za týchto podmienok by spoločnosti mali venovať dostatočnú pozornosť metódam riadenia rizík. Metódy riadenia rizík a ich možné hodnotenie. | ||
| 610 | 2 | 0 | |a riadenie rizík |
| 610 | 2 | 0 | |a metódy riadenia |
| 610 | 2 | 0 | |a risk management |
| 610 | 2 | 0 | |a normy ISO |
| 100 | 1 | |a Žwaková, Martina | |